[Event "Trofeul Techirghiol"]
[Site "Techirghiol ROM"]
[Date "2006.07.05"]
[Round "5"]
[White "Ionita,E"]
[Black "Veneteanu,I"]
[Result "1/2-1/2"]
[WhiteElo "2024"]
[BlackElo "2244"]

1.e4 c5 2.Nf3 Nc6 3.Bb5 e6 4.Bxc6 bxc6 5.O-O c4 6.e5 a5 7.Nc3 Ba6 8.Re1 d5
9.exd6 Bxd6 10.Ne4 Nf6 11.b3 Nxe4 12.Rxe4 Qf6 13.Rb1 Qg6 14.Qe1 cxb3 15.axb3 O-O
16.Bb2 c5 17.h3 e5 18.d3 f6 19.Nh4 Qh5 20.Qe2 Qxe2 21.Rxe2 Rfd8 22.Ra1 Bb5
23.Re4 Bc6 24.Rc4 Bb5  1/2-1/2

[Event "Open"]
[Site "Marseille FRA"]
[Date "2006.07.06"]
[Round "8"]
[White "Libiszewski,F"]
[Black "Gladyszev,O"]
[Result "1/2-1/2"]
[WhiteElo "2486"]
[BlackElo "2430"]

1.e4 c5 2.Nf3 Nc6 3.Bb5 g6 4.O-O Bg7 5.Re1 Nf6 6.e5 Nd5 7.Nc3 Nc7 8.Bxc6 dxc6
9.Ne4 b6 10.Nf6+ Kf8 11.Ne4 Bg4 12.d3 Ne6 13.Ned2 Qd5 14.h3 Bxf3 15.Nxf3 Rd8
16.Be3 h6 17.b3 Kg8 18.c4 Qd7 19.Qd2 Kh7 20.Rad1 f5  1/2-1/2

[Event "35th TCh-GRE"]
[Site "Ermioni GRE"]
[Date "2006.07.07"]
[Round "5"]
[White "Markidis,K"]
[Black "Zakarian,D"]
[Result "0-1"]
[WhiteElo "2370"]
[BlackElo "2327"]

1.e4 c5 2.Nf3 Nc6 3.Bb5 g6 4.O-O Bg7 5.Re1 Nf6 6.e5 Nd5 7.Nc3 Nc7 8.Bc4 O-O
9.d3 Ne6 10.Bxe6 dxe6 11.Bf4 b6 12.Qd2 Bb7 13.Bh6 Nd4 14.Nxd4 cxd4 15.Ne4 Qd5
16.Bxg7 Kxg7 17.Qg5 f6 18.exf6+ exf6 19.Qxd5 Bxd5 20.c4 dxc3 21.Nxc3 Kf7
22.Re3 Bc6 23.d4 Rad8 24.Rd1 Rd6 25.f3 Rfd8 26.Red3 g5 27.Kf2 h5 28.Ne4 R6d7
29.Ke3 Bd5 30.Nc3 Bb7 31.Ne4 Kg6 32.Nc3 f5 33.g3 g4 34.f4 h4 35.R3d2 hxg3
36.hxg3 Rh8 37.Rg1 Rdh7 38.a4 Rh2 39.Rxh2 Rxh2 40.b4 a6 41.Kd3 Kf6 42.Kc4 Rc2
43.Kd3 Rb2 44.Kc4 Ke7 45.a5 b5+ 46.Kc5 Rc2 47.Kb6 Bf3 48.Nb1 Rc6+ 49.Ka7 Kd6
50.Nd2 Bd5 51.Re1 Rc8 52.Kxa6 Bc6 53.d5 Kxd5 54.Nb3 Kc4 55.Nc5 Kxb4 56.Nxe6 Be4
57.Nd4 Rd8 58.Ne2 Rd6+ 59.Ka7 Kxa5 60.Nc3 Rd7+ 61.Kb8 Bc6 62.Re6 Kb6 63.Kc8 Rd3  0-1

[Event "35th TCh-GRE"]
[Site "Ermioni GRE"]
[Date "2006.07.07"]
[Round "6"]
[White "Zakarian,D"]
[Black "Souleidis,G"]
[Result "0-1"]
[WhiteElo "2327"]
[BlackElo "2412"]

1.e4 c5 2.Nf3 Nc6 3.Bb5 e6 4.O-O Nge7 5.d4 cxd4 6.Nxd4 Nxd4 7.Qxd4 a6 8.Be2 Nc6
9.Qc3 b5 10.Bf4 Bb7 11.a4 b4 12.Qe3 Be7 13.Nd2 e5 14.Bg3 d6 15.Nc4 Nd4 16.Bd3 Rc8
17.b3 O-O 18.Rad1 f6 19.Kh1 Kh8 20.a5 d5 21.exd5 Qxd5 22.f3 Bc5 23.Qe4 Qxe4
24.fxe4 Rfd8 25.h4 Rc7 26.h5 h6 27.Bf2 Rcd7 28.Bxd4 Bxd4 29.Kh2 Kg8 30.g4 Kf8
31.Kg3 Ke7 32.Rde1 Rc7 33.Re2 Rc5 34.Rf3 Bc8 35.Re1 Be6 36.Rh1 Rh8 37.Rh2 Rf8
38.Rh1 Rg8 39.Rhf1 Rb8 40.Rh1 Re8 41.Rhf1 Rh8 42.Rh1 Bxc4 43.Bxc4 Rxa5 44.Rd1 Ra2
45.Rd2 Ra1 46.Rf1 Ra2 47.Rh2 a5 48.Rfh1 Be3 49.Re2 Bf4+ 50.Kf3 Rd8 51.Bd3 Ra3
52.Rb1 Rc8 53.Rg2 Rc3 54.Ke2 Ra2 55.Kf3 Kd6 56.Rgg1 Raxc2 57.Rgd1 Rh2 58.g5 Rh3+
59.Kg4 Rg3+  0-1

[Event "Open A"]
[Site "Banska Stiavnica SVK"]
[Date "2006.07.08"]
[Round "1"]
[White "Manik,M"]
[Black "Zojer,S"]
[Result "1-0"]
[WhiteElo "2460"]
[BlackElo "2118"]

1.e4 c5 2.Nf3 Nc6 3.Bb5 g6 4.Bxc6 bxc6 5.O-O Bg7 6.Re1 e5 7.c3 Qb6 8.Na3 Ba6
9.d3 Ne7 10.Nc4 Qc7 11.Qa4 Bb5 12.Qa5 Qxa5 13.Nxa5 Rb8 14.Nb3 c4 15.dxc4 Bxc4
16.Nbd2 Ba6 17.b3 d6 18.Ba3 Rd8 19.Rad1 O-O 20.Nb1 Nc8 21.c4 Rfe8 22.Nc3 Bb7
23.Nd2 d5 24.cxd5 cxd5 25.Nxd5 Bxd5 26.exd5 Rxd5 27.Nc4 Red8 28.Rxd5 Rxd5
29.f4 f6 30.fxe5 fxe5 31.Bb2 Nb6 32.Bxe5 Nxc4 33.Bxg7 Kxg7 34.bxc4 Ra5 35.Re2 Kf6
36.Kf2 Rc5 37.Rc2 Ke5 38.Ke3 Rc6 39.Kd3 g5 40.Re2+ Kf5 41.Kd4 g4 42.Kd5 Ra6
43.Rf2+ Kg5 44.c5 Ra3 45.Rc2 Kf6 46.Re2 Ra5  1-0

[Event "35th TCh-GRE"]
[Site "Ermioni GRE"]
[Date "2006.07.08"]
[Round "7"]
[White "Georgiev,Kr"]
[Black "Ziogas,P"]
[Result "1-0"]
[WhiteElo "2485"]
[BlackElo "2139"]

1.e4 c5 2.Nf3 Nc6 3.Bb5 e6 4.O-O Nge7 5.b3 a6 6.Bxc6 Nxc6 7.Bb2 Qc7 8.c4 b5
9.Na3 b4 10.Nc2 Bb7 11.Re1 f6 12.Nh4 O-O-O 13.a3 Be7 14.Nf3 Ne5 15.Nxe5 fxe5
16.axb4 cxb4 17.Ra4 Bc5 18.Nxb4 Rdf8 19.Nd3 Qb6 20.Nxc5 Qxc5 21.d4 Qb6 22.c5 Qb5
23.dxe5 Bc6 24.Rc4 Qb7 25.Qc2 Rf7 26.Bc1 Rhf8 27.Be3 Bb5 28.Rd4 Bc6 29.Red1 Bb5
30.Rd6 Bc6 31.R1d4 Kb8 32.Qc3 Ka7 33.Rb4 Qc8 34.Rb6 Re8 35.Qa5  1-0

[Event "Open"]
[Site "Kavala GRE"]
[Date "2006.07.08"]
[Round "6"]
[White "Rozentalis,E"]
[Black "Kotanjian,T"]
[Result "1-0"]
[WhiteElo "2605"]
[BlackElo "2515"]

1.e4 c5 2.Nf3 Nc6 3.Bb5 g6 4.O-O Bg7 5.Bxc6 bxc6 6.Re1 Qc7 7.h3 d6 8.c3 Bb7
9.Na3 Nh6 10.d4 cxd4 11.cxd4 O-O 12.Bf4 f6 13.Rc1 e5 14.dxe5 fxe5 15.Be3 Nf7
16.Qa4 a5 17.Nc4 Ra6 18.Red1 h6 19.Bb6 Qe7 20.Bxa5 d5 21.Ncd2 Nd6 22.Qb4 c5
23.Rxc5 dxe4 24.Rc7 Qe6 25.Nc4 Bd5 26.Ne3 Bxa2 27.Nh2 Bb3 28.Rdc1 Rfa8 29.R7c6 Bf8
30.Bc7 Nc4 31.Rxa6 Bxb4 32.Rxe6 Nxe3 33.Rxg6+ Kf7 34.Rg3  1-0

[Event "Trofeul Techirghiol"]
[Site "Techirghiol ROM"]
[Date "2006.07.08"]
[Round "8"]
[White "Ionita,E"]
[Black "Tufa,M"]
[Result "1-0"]
[WhiteElo "2024"]
[BlackElo "2118"]

1.e4 c5 2.Nf3 Nc6 3.Bb5 e6 4.O-O Nge7 5.Re1 a6 6.Bxc6 Nxc6 7.d4 cxd4 8.Nxd4 Be7
9.c4 Qb6 10.Nb3 a5 11.Be3 Qc7 12.Nc3 O-O 13.Qe2 Ne5 14.c5 a4 15.Nb5 Qc6 16.N3d4 Qxe4
17.Nc7 Ra5 18.Ndb5 Qc4 19.Rac1 Qxe2 20.Rxe2 a3 21.b3 Nd3 22.Rc4 Bd8 23.Rd2 Ne5
24.Re4 Nc6 25.Rc2 f5 26.Rec4 Ne5 27.R4c3 f4 28.Bd2 Rf5 29.f3 g5 30.b4 Ra4
31.Rb3 Nc6 32.Rc4 Na5 33.Rcc3 Nxb3 34.Rxb3 Bxc7 35.Nxc7 Ra7 36.Nb5 Ra8 37.Nc7 Rb8
38.Rxa3 b6 39.cxb6 Rxb6 40.Ra8 Rf8 41.b5 Bb7 42.Rxf8+ Kxf8 43.Bb4+ d6 44.a4 Bd5
45.a5 Rb8 46.Bxd6+ Kf7 47.Nxd5  1-0

[Event "35th TCh-GRE"]
[Site "Ermioni GRE"]
[Date "2006.07.10"]
[Round "9"]
[White "Lima,M"]
[Black "Iordanidou,Z"]
[Result "1-0"]
[WhiteElo "1922"]
[BlackElo "1968"]

1.e4 c5 2.Nf3 Nc6 3.Bb5 g6 4.Bxc6 dxc6 5.h3 Bg7 6.d3 Nf6 7.Nc3 b6 8.O-O O-O
9.Be3 h6 10.Ne1 Ne8 11.f4 Nc7 12.Rb1 Nb5 13.Nxb5 cxb5 14.Nf3 Be6 15.b3 Qc8
16.Qd2 Kh7 17.Qf2 f6 18.g4 f5 19.exf5 gxf5 20.g5 h5 21.Qg3 Bf7 22.Rbe1 Re8
23.Re2 b4 24.g6+ Bxg6 25.Rg2 Qc6 26.Nh4 Rg8 27.Qxg6+ Qxg6 28.Nxg6 Bf6 29.Ne5 Bxe5
30.fxe5 Rxg2+ 31.Kxg2 e6 32.Kg3 a5 33.Rg1 a4 34.Rg2 axb3 35.cxb3 Rd8 36.Rd2 Rd5
37.Kf4 b5 38.h4 Kh6 39.Rc2 Rxd3 40.Rxc5 Rd1 41.Rxb5 Ra1 42.Rxb4 Rxa2 43.Rb6 Kg6
44.Rxe6+ Kg7 45.Kxf5  1-0

[Event "35th TCh-GRE"]
[Site "Ermioni GRE"]
[Date "2006.07.10"]
[Round "9"]
[White "Georgiev,Kr"]
[Black "Papadopoulos,I"]
[Result "1-0"]
[WhiteElo "2485"]
[BlackElo "2285"]

1.e4 c5 2.Nf3 Nc6 3.Bb5 g6 4.O-O Bg7 5.c3 Nf6 6.Re1 O-O 7.h3 e5 8.Na3 d6
9.Bxc6 bxc6 10.Qa4 Bb7 11.Nc4 Re8 12.d3 Qc7 13.Qa5 Qxa5 14.Nxa5 Ba6 15.c4 Rec8
16.a3 Rab8 17.Rb1 Nd7 18.Bg5 f6 19.Be3 d5 20.Bd2 d4 21.Nh2 Nf8 22.g3 Ne6
23.Kg2 Rb6 24.f4 Rf8 25.f5 Nd8 26.b4 Nb7 27.Nxb7 Rxb7 28.bxc5 Rfb8 29.Rb4 Bf8
30.Ng4 gxf5 31.Nxf6+ Kg7 32.Nd7 Re8 33.Rxb7 Bxb7 34.exf5 Bc8 35.f6+ Kf7 36.Nxe5+ Kxf6
37.Bg5+ Kg7 38.Bh6+ Kg8 39.Bxf8 Kxf8 40.g4  1-0

[Event "35th TCh-GRE"]
[Site "Ermioni GRE"]
[Date "2006.07.10"]
[Round "9"]
[White "Souleidis,G"]
[Black "Nikolopoulos,G"]
[Result "1-0"]
[WhiteElo "2412"]
[BlackElo "2053"]

1.e4 c5 2.Nf3 Nc6 3.Bb5 e6 4.O-O Nge7 5.b3 Nd4 6.Nxd4 cxd4 7.Bb2 a6 8.Bd3 Nc6
9.c3 Bc5 10.Qe2 O-O 11.Na3 d6 12.Nc2 e5 13.Kh1 Qh4 14.cxd4 exd4 15.f4 Bg4
16.Qe1 Qh5 17.Qg3 Rae8 18.Rae1 f5 19.e5 dxe5 20.fxe5 Kh8 21.h3 Qh6 22.Bc4 Bh5
23.d3 f4 24.Qh4 Ne7 25.b4 Nf5 26.Qxf4 g5 27.Qh2 Ba7 28.e6 Be2 29.Qe5+ Qf6
30.Rxf5 Qxe5 31.Rxe5  1-0

[Event "35th TCh-GRE"]
[Site "Ermioni GRE"]
[Date "2006.07.10"]
[Round "9"]
[White "Mastrokoukos,G"]
[Black "Dagkakis,P"]
[Result "0-1"]
[WhiteElo "2324"]
[BlackElo "2267"]

1.e4 c5 2.Nf3 Nc6 3.Bb5 g6 4.Bxc6 dxc6 5.h3 Bg7 6.d3 Nf6 7.Nc3 Nd7 8.a4 a5
9.Be3 e5 10.Nd2 O-O 11.g4 b6 12.Nc4 Ba6 13.h4 Re8 14.h5 Nf8 15.hxg6 fxg6
16.Qf3 Ra7 17.Qh3 Bf6 18.O-O-O Ne6 19.Qh2 Qb8 20.g5 Bh8 21.Rdg1 Nf4 22.Rg4 Rf7
23.Rh4 Ree7 24.Bd2 Bxc4 25.dxc4 Qd6 26.f3 Ne6 27.Rh6 Nd4 28.Qh3 Qe6 29.Nd1 Qxh3
30.R1xh3 Nxf3 31.Be3 Nd4 32.Nf2 Rf3 33.Ng4 Rxh3 34.Rxh3 Bg7 35.c3 Ne6 36.Rh1 Rd7
37.Rd1 Rxd1+ 38.Kxd1 Kf7 39.b4 Ke7 40.bxa5 bxa5 41.Nf2 Kd6 42.Ke2 Nf4+ 43.Kf3 h5
44.Bc1 Ne6 45.Nd3 Bf8 46.Kg3 Be7 47.Kh4 Bd8 48.Be3 Bc7 49.Bd2 Ke7 50.Be3 Bd6
51.Bf2 Nf4 52.Nxc5 Ne2 53.Nb3 Nxc3 54.Nxa5 Nxe4 55.Be3 Nc3 56.c5 Bc7 57.Nxc6+ Kd7
58.Nb4 Nxa4 59.Nd5 Bd8 60.Bf2 Nb2 61.Nf6+ Kc6 62.Nxh5 gxh5 63.Kxh5 Nd3 64.Be3 Nxc5
65.g6 Bf6 66.Kg4 Bg7 67.Kf5 Kd5 68.Bf2 Ne6 69.Be3 Nd4+ 70.Kg4 Ke4 71.Bc1 Nf5
72.Bb2 Nd4 73.Bc1 Kd3 74.Bg5 e4 75.Kh5 Ke2 76.Kg4 Nf3 77.Bf4 Nd4 78.Bc1 Kd3
79.Bg5 Ne6 80.Bc1 Nd4 81.Bg5 e3 82.Bxe3 Kxe3 83.Kg5 Kf3 84.Kh5 Kf4 85.Kh4 Ne6
86.Kh3 Kf3 87.Kh4 Nf8 88.Kg5 Ke4 89.Kh5 Kf4 90.Kh4 Nxg6+ 91.Kh5 Ne5 92.Kh4 Bf6+
93.Kh5 Kf5 94.Kh6 Be7 95.Kg7 Kg5 96.Kh7 Bf8 97.Kg8 Bh6 98.Kh7 Kh5 99.Kh8 Kg6
100.Kg8 Nd7  0-1

[Event "35th TCh-GRE"]
[Site "Ermioni GRE"]
[Date "2006.07.10"]
[Round "9"]
[White "Dimitrov,At"]
[Black "Dembo,Y"]
[Result "1/2-1/2"]
[WhiteElo "2288"]
[BlackElo "2465"]

1.e4 c5 2.Nf3 Nc6 3.Bb5 d6 4.O-O Bd7 5.c3 Nf6 6.Re1 a6 7.Ba4 b5 8.Bc2 Bg4
9.d3 e6 10.Nbd2 Be7 11.h3 Bh5 12.Nf1 Bxf3 13.Qxf3 O-O 14.Qe2 Nd7 15.Ng3 b4
16.Bd2 bxc3 17.bxc3 Rb8 18.Rab1 Qa5 19.Bb3 Qc7 20.Nh5 Nf6 21.Nf4 Qd7 22.g4 Ne8  1/2-1/2

[Event "Open"]
[Site "Albarino ESP"]
[Date "2006.07.11"]
[Round "9"]
[White "Cruz Alvarez de Ron,D"]
[Black "Perez Fungueiro,M"]
[Result "1/2-1/2"]
[WhiteElo "2219"]
[BlackElo "2194"]

1.e4 c5 2.Nf3 Nc6 3.Bb5 e6 4.O-O Nge7 5.Re1 a6 6.Bf1 d5 7.exd5 Nxd5 8.d4 Be7
9.dxc5 O-O 10.c4 Nf6 11.Nc3 Qxd1 12.Rxd1 Bxc5 13.Bf4 e5 14.Nxe5 Nxe5 15.Bxe5 Bxf2+
16.Kxf2 Ng4+ 17.Kg3 Nxe5 18.Re1 f6 19.Rad1 Be6 20.Rd4 Rfd8 21.Red1 Rxd4 22.Rxd4 Rc8
23.b3 Kf7 24.Ne4  1/2-1/2

[Event "XXIX Open"]
[Site "Barbera del Valles ESP"]
[Date "2006.07.11"]
[Round "7"]
[White "De la Paz,F"]
[Black "Gomez Jurado,L"]
[Result "1-0"]
[WhiteElo "2435"]
[BlackElo "2356"]

1.e4 c5 2.Nf3 Nc6 3.Bb5 d6 4.O-O Bd7 5.Re1 Nf6 6.c3 a6 7.Bf1 e5 8.h3 Be7
9.d4 cxd4 10.cxd4 exd4 11.Nxd4 d5 12.exd5 Nxd5 13.Bc4 Nxd4 14.Bxd5 Bc6 15.Nc3 Nb5
16.Nxb5 axb5 17.Bxc6+ bxc6 18.Qe2 Ra7 19.Be3 Rd7 20.Bc5 Kf8 21.Qc2 Bd6 22.Rad1 h5
23.Rxd6 Rxd6 24.Rd1 Rh6 25.Qd3 Ke7 26.Qg3 Re6 27.Rxd6  1-0

[Event "Inautomarket Open"]
[Site "Minsk BLR"]
[Date "2006.07.11"]
[Round "2"]
[White "Stepaniuk,A"]
[Black "Kupreichik,V"]
[Result "1/2-1/2"]
[WhiteElo "2292"]
[BlackElo "2461"]

1.e4 c5 2.Nf3 Nc6 3.Bb5 d6 4.O-O Bd7 5.Re1 Nf6 6.c3 a6 7.Bf1 Bg4 8.d3 e6
9.h3 Bh5 10.g4 Bg6 11.Nh4 Nd7 12.Ng2 e5 13.d4 cxd4 14.cxd4 Nxd4 15.f4 f6
16.Be3 Nc6 17.Nc3 Bf7 18.f5 Nb6 19.Kh2 d5 20.Bxb6 Qxb6 21.Nxd5 Qa5 22.Nge3 Bc5
23.a3 Bd4 24.b4 Qd8 25.Ra2 O-O 26.Bc4 Rc8 27.Bb3 Qd6 28.Rg2 h6 29.g5 fxg5
30.h4 Rfd8 31.hxg5 hxg5 32.Ng4 Ne7 33.Qd2 Nxd5 34.Qxg5 Kf8 35.Bxd5 Bxd5 36.f6 gxf6
37.Rf1 Bf7 38.Rxf6 Rc6 39.Rxd6 Rdxd6 40.Qh4  1/2-1/2

[Event "Aegean Open"]
[Site "Agios Kirikos GRE"]
[Date "2006.07.12"]
[Round "1"]
[White "Svetushkin,D"]
[Black "Iatros,A"]
[Result "1-0"]
[WhiteElo "2569"]
[BlackElo "2002"]

1.e4 c5 2.Nf3 Nc6 3.Bb5 g6 4.Bxc6 dxc6 5.d3 Bg7 6.h3 Nf6 7.Nc3 Nd7 8.Be3 e5
9.a4 a5 10.O-O Qe7 11.Nd2 Nf8 12.f4 exf4 13.Bxf4 Ne6 14.Bh2 Nd4 15.Nc4 Be6
16.Nd6+ Kf8 17.e5 Nf5 18.Qe2 Nxd6 19.exd6 Bd4+ 20.Kh1 Qd7 21.Ne4 Kg8 22.c3 Bg7
23.Nxc5 Qc8 24.Rae1 h6 25.Nxe6 Qxe6 26.Qxe6 fxe6 27.Rxe6  1-0

[Event "COQ"]
[Site "Montreal CAN"]
[Date "2006.07.13"]
[Round "7"]
[White "Saint Amand,P"]
[Black "Sullivan,N"]
[Result "0-1"]
[WhiteElo "2126"]
[BlackElo "2123"]

1.e4 c5 2.Nf3 Nc6 3.Bb5 d6 4.c3 g6 5.O-O Bg7 6.h3 Bd7 7.Re1 Nf6 8.d4 cxd4
9.cxd4 O-O 10.Nc3 a6 11.Bf1 Rc8 12.e5 Ne8 13.Bg5 dxe5 14.dxe5 Be6 15.Qe2 Qa5
16.a3 b5 17.Qe4 h6 18.Bf4 Qb6 19.Rac1 Bf5 20.Qe2 Nc7 21.g4 Be6 22.Red1 Rfd8
23.Bg2 Nd5 24.Nxd5 Bxd5 25.b4 a5 26.Rc5 Bc4 27.Rxd8+ Rxd8 28.Qe4 Nb8 29.Nd2 axb4
30.axb4 Bd3 31.Qe1 Qe6 32.Qe3 g5 33.Bg3 Na6 34.Rc6 Qa2 35.Qb6 Rb8 36.Qe3 Nxb4
37.Rc3 Qa1+ 38.Kh2 Qxc3 39.e6 Rd8 40.exf7+ Kf8  0-1

[Event "Blue Sevan"]
[Site "Sevan ARM"]
[Date "2006.07.13"]
[Round "1"]
[White "Kekelidze,M"]
[Black "Kotanjian,T"]
[Result "0-1"]
[WhiteElo "2493"]
[BlackElo "2515"]

1.e4 c5 2.Nf3 Nc6 3.Bb5 g6 4.O-O Bg7 5.c3 Nf6 6.Qa4 O-O 7.e5 Ne8 8.Re1 Nc7
9.Bxc6 dxc6 10.Qh4 f6 11.d4 cxd4 12.cxd4 g5 13.Qe4 g4 14.Nfd2 fxe5 15.dxe5 Bf5
16.Qc4+ Be6 17.Qe4 Rf5 18.Nc3 Rxe5 19.Qxe5 Bxe5 20.Rxe5 Bd5 21.Nf1 Qd7 22.Bh6 Kf7
23.Rae1 Rg8 24.Bg5 e6 25.Ne3 h5 26.Bh4 Rh8 27.a3 b5 28.Rd1 Qc8 29.Rd4 Rh7
30.Rf4+ Ke8 31.Bf6 Kd7 32.Rg5 Ne8 33.Be5 Nd6 34.Bxd6 Kxd6 35.Ne4+ Bxe4 36.Rxe4 Rh6
37.Rd4+ Kc7 38.Rg7+ Kb6 39.b4 a5 40.g3 axb4 41.axb4 Qf8 42.Rgd7 Rf6 43.R4d6 Qa8
44.Nc2 Qa2 45.Rd2 Rf5 46.Ne3 Qb1+ 47.Rd1 Qxb4 48.Nxf5 exf5 49.Rh7 Qe4 50.Rxh5 b4
51.Rh8 c5 52.h4 gxh3 53.Rxh3 b3 54.Rh8 c4 55.Rc8 Kb5 56.Rc1 Qc2 57.Rb8+ Kc5
58.Ra1 b2 59.Ra5+ Kd4 60.Rab5 Qb1+ 61.Kh2 c3 62.Rd8+ Kc4 63.Rb7 Qf1 64.Rc8+ Kd3
65.Rb3 Qxf2+ 66.Kh1 Qe1+  0-1

[Event "6th TCh-Euro u18 Girls"]
[Site "Balatonlelle HUN"]
[Date "2006.07.14"]
[Round "3"]
[White "Vazirova,K"]
[Black "Bjeloglav,M"]
[Result "1/2-1/2"]
[WhiteElo "2105"]
[BlackElo "2037"]

1.e4 c5 2.Nf3 Nc6 3.Bb5 e6 4.O-O Nge7 5.Re1 a6 6.Bf1 d5 7.exd5 Nxd5 8.d4 cxd4
9.Nxd4 Be7 10.a3 Nxd4 11.Qxd4 Bf6 12.Qe4 b5 13.c4 bxc4 14.Bxc4 Bb7 15.Nc3 O-O
16.Bd3 g6 17.Nxd5 Bxd5 18.Qe2 Qb6 19.Rb1 Qb7 20.f3 Bd4+ 21.Be3 Bxe3+ 22.Qxe3 Qb3
23.Be4 Qxe3+ 24.Rxe3 Bxe4 25.Rxe4 Rfd8 26.Kf2 Rac8 27.Rbe1 Rd3 28.R4e3 Rd2+  1/2-1/2

[Event "6th TCh-Euro u18"]
[Site "Balatonlelle HUN"]
[Date "2006.07.14"]
[Round "3"]
[White "Rozum,I"]
[Black "Saric,Iv"]
[Result "0-1"]
[WhiteElo "2317"]
[BlackElo "2394"]

1.e4 c5 2.Nf3 Nc6 3.Bb5 g6 4.Bxc6 dxc6 5.d3 Bg7 6.h3 Nh6 7.O-O b6 8.Nc3 f6
9.Be3 e5 10.a3 Nf7 11.b4 cxb4 12.axb4 f5 13.exf5 gxf5 14.Ra3 O-O 15.Qe2 Qd6
16.Bxb6 e4 17.dxe4 axb6 18.Rxa8 Bxc3 19.exf5 Bxf5 20.Rxf8+ Kxf8 21.b5 c5
22.Nh4 Bc8 23.Rd1 Qf4 24.Qh5 Bf6 25.g3 Qe4 26.Ng2 Bb7 27.f3 Bd4+ 28.Kh2 Qxc2
29.Re1 Qf2 30.Qf5 Bxf3  0-1

[Event "ch-Paris"]
[Site "Paris FRA"]
[Date "2006.07.14"]
[Round "7"]
[White "David,Alb"]
[Black "Karr,JP"]
[Result "0-1"]
[WhiteElo "2546"]
[BlackElo "2394"]

1.e4 c5 2.Nf3 Nc6 3.Bb5 g6 4.Bxc6 dxc6 5.d3 Bg7 6.h3 Nf6 7.Nc3 O-O 8.Bf4 Nd7
9.Qd2 e5 10.Bh6 Qe7 11.Bxg7 Kxg7 12.O-O-O f6 13.Nh2 Rf7 14.Ng4 b5 15.Kb1 Nb6
16.Ne2 a5 17.f4 Bxg4 18.hxg4 exf4 19.Nxf4 Kg8 20.Rh6 a4 21.g5 a3 22.Nxg6 hxg6
23.Rxg6+ Kf8 24.gxf6 Qe5 25.d4 cxd4 26.Qh6+ Ke8 27.Rg5 Qd6 28.Qh5 Qxf6 29.Rf5 Qg7
30.Rdf1 Ra7 31.e5 Qh7 32.Qxh7 Rxh7 33.e6 Nc4 34.Rf8+ Ke7 35.R8f7+ Kxe6 36.R1f6+ Ke5  0-1

[Event "XXIV Andorra Open"]
[Site "Andorra la Vella AND"]
[Date "2006.07.15"]
[Round "8"]
[White "Almagro Llamas,P"]
[Black "Fluvia Poyatos,J"]
[Result "1/2-1/2"]
[WhiteElo "2380"]
[BlackElo "2467"]

1.e4 c5 2.Nf3 Nc6 3.Bb5 g6 4.O-O Bg7 5.Bxc6 dxc6 6.d3 Nf6 7.Nc3 O-O 8.Be3 b6
9.h3 Ne8 10.Qd2 e5 11.Nh2 Nc7 12.f4 exf4 13.Bxf4 Ne6 14.Bh6 Bxh6 15.Qxh6 Qg5
16.Qxg5 Nxg5 17.Rf6 Bd7 18.Raf1 h5 19.Rd6 Rfd8 20.h4 Ne6 21.Nf3 Be8 22.Rxd8 Rxd8
23.e5 Nd4 24.Nxd4 Rxd4 25.g3 Bd7 26.Rf4 Be6 27.Kf2 Kf8 28.Ke3 Rd7 29.Rf6 Ke7
30.b3 Rd4 31.Rf4 Rd8 32.Rf6 Rd4 33.Rf4 Rd8 34.Rf6 Rd7 35.Ne4 Rd5 36.Kf4 Rd4
37.Ke3 Rd5  1/2-1/2

[Event "6th Open"]
[Site "Saint Chely d'Aubrac FRA"]
[Date "2006.07.15"]
[Round "1"]
[White "Lagunes,R"]
[Black "Grigore,Ge"]
[Result "0-1"]
[WhiteElo "1803"]
[BlackElo "2472"]

1.e4 c5 2.Nf3 Nc6 3.Bb5 g6 4.d4 cxd4 5.Nxd4 Bg7 6.Nxc6 bxc6 7.Bd3 Nf6 8.Be3 O-O
9.O-O Rb8 10.Bd4 Qc7 11.h3 e5 12.Bc3 d5 13.Qe1 dxe4 14.Bxe4 Nd5 15.Ba5 Qd6
16.c4 Nf4 17.Bc3 f5 18.Bc2 Qf6 19.g3 Nxh3+ 20.Kh2 f4 21.Nd2 Qg5 22.Nf3 Qh5
23.Kg2 Ng5 24.Nxe5 f3+ 25.Nxf3 Qh3+  0-1

[Event "6th Open"]
[Site "Saint Chely d'Aubrac FRA"]
[Date "2006.07.15"]
[Round "1"]
[White "Degraeve,JM"]
[Black "Sidibe,M"]
[Result "1-0"]
[WhiteElo "2540"]
[BlackElo "1815"]

1.e4 c5 2.Nf3 Nc6 3.Bb5 g6 4.O-O Bg7 5.Re1 d6 6.e5 Qc7 7.Qe2 Bd7 8.exd6 Qxd6
9.Nc3 Nf6 10.d3 a6 11.Bxc6 Bxc6 12.Bf4 Qd8 13.Ne5 Bd5 14.a4 O-O 15.a5 Nh5
16.Bd2 f5 17.Nxd5 Qxd5 18.Nc4 Rae8 19.Qe6+ Qxe6 20.Rxe6 Rf6 21.Rae1 Kf8 22.Bg5 Rxe6
23.Rxe6 Bf6 24.Bh6+ Bg7 25.Bxg7+ Nxg7 26.Rb6 Rb8 27.Nd2 Kf7 28.Nf3 Kf8 29.Kf1 Kf7
30.h4 Ke8 31.Ng5 e6 32.Nxe6 Nxe6 33.Rxe6+ Kd7 34.Rb6 Kc7 35.Rf6 Rd8 36.Rf7+ Rd7
37.Rxd7+ Kxd7 38.Ke2 Kc6 39.c4 Kd6 40.Ke3 Ke5 41.f4+ Kd6 42.d4 Kc7 43.dxc5  1-0

[Event "XXIV Andorra Open"]
[Site "Andorra la Vella AND"]
[Date "2006.07.16"]
[Round "9"]
[White "De la Riva Aguado,O"]
[Black "Khenkin,I"]
[Result "0-1"]
[WhiteElo "2517"]
[BlackElo "2586"]

1.e4 c5 2.Nf3 Nc6 3.Bb5 d6 4.O-O Bd7 5.Re1 Nf6 6.c3 a6 7.Bxc6 Bxc6 8.d4 Bxe4
9.Bg5 Bd5 10.Nbd2 e6 11.c4 Bxf3 12.Qxf3 cxd4 13.Bxf6 gxf6 14.Qxb7 Bg7 15.Qc6+ Qd7
16.Qe4 Rc8 17.Qxd4 Kf8 18.Rad1 f5 19.Qd3 Bxb2 20.c5 Rxc5 21.Nc4 Bf6 22.Nxd6 Qc6
23.Qb3 Be7 24.Qb8+ Kg7 25.Qb2+ Bf6 26.Qa3 Rc3 27.Qa5 Rb8 28.g3 Rb2 29.Nxf5+ exf5
30.Qxf5 Qf3  0-1

[Event "6th TCh-Euro u18 Girls"]
[Site "Balatonlelle HUN"]
[Date "2006.07.16"]
[Round "5"]
[White "Vazirova,K"]
[Black "Domany,Z"]
[Result "1-0"]
[WhiteElo "2105"]
[BlackElo "2172"]

1.e4 c5 2.Nf3 Nc6 3.Bb5 e6 4.O-O Nge7 5.c3 a6 6.Ba4 Ng6 7.d4 cxd4 8.cxd4 d5
9.e5 Be7 10.Nc3 O-O 11.Re1 f6 12.exf6 Bxf6 13.Bc2 Nh4 14.Ne5 Nf5 15.Bxf5 exf5
16.Na4 Be7 17.Bf4 g5 18.Nxc6 bxc6 19.Be5 f4 20.Rc1 Bd7 21.Qh5 Rf7 22.Nc5 Bf5
23.Qh6 Bxc5 24.Rxc5 Bd7 25.Rc2 Rc8 26.Rce2 c5 27.dxc5 Bb5 28.Rd2 Qe7 29.Rdd1 Re8
30.Bc3 Qd8 31.Rxe8+ Bxe8 32.Qe6 Qd7 33.Qe5 Rf5 34.Qh8+  1-0

[Event "6th TCh-Euro u18"]
[Site "Balatonlelle HUN"]
[Date "2006.07.17"]
[Round "6"]
[White "Yaksin,O"]
[Black "Banusz,T"]
[Result "0-1"]
[WhiteElo "2232"]
[BlackElo "2480"]

1.e4 c5 2.Nf3 Nc6 3.Bb5 g6 4.Bxc6 dxc6 5.d3 Bg7 6.h3 Nf6 7.Nc3 O-O 8.Be3 b6
9.O-O Nd7 10.Qd2 Re8 11.Nh2 e5 12.f4 exf4 13.Rxf4 Ne5 14.Raf1 Be6 15.R4f2 f6
16.Nf3 Nxf3+ 17.Rxf3 c4 18.g4 cxd3 19.cxd3 Qe7 20.Bd4 Rf8 21.Qf2 Qd6 22.Kg2 Rae8
23.Bxf6 Bxf6 24.Rxf6 Rxf6 25.Qxf6 Qxd3 26.Rd1 Qc4 27.Rd8 Rxd8 28.Qxd8+ Kg7
29.Qe7+ Bf7 30.Qe5+ Kg8 31.Qb8+ Kg7 32.Qxa7 Qd4 33.Qa6 Qd2+ 34.Qe2 Qxe2+
35.Nxe2 Bxa2 36.g5 Kf7 37.Kf3 Ke6 38.Ke3 Kd6 39.Kd4 c5+ 40.Ke3 Be6 41.h4 b5
42.b4 cxb4 43.Kd4 b3 44.Nc3 b2 45.Nxb5+ Ke7 46.Na3 Ba2  0-1

[Event "XI Open"]
[Site "Balaguer ESP"]
[Date "2006.07.18"]
[Round "2"]
[White "Castellanos,R"]
[Black "Lorenzo de la Riva,L"]
[Result "1-0"]
[WhiteElo "2479"]
[BlackElo "2296"]

1.e4 c5 2.Nf3 Nc6 3.Bb5 g6 4.Bxc6 dxc6 5.d3 Bg7 6.h3 e5 7.Be3 b6 8.Qd2 h6
9.a3 Ne7 10.b4 cxb4 11.axb4 Be6 12.Qc3 f6 13.Nbd2 O-O 14.O-O Qc7 15.Ra6 Rad8
16.Rfa1 Nc8 17.Nc4 Qf7 18.Ncd2 Rd6 19.d4 exd4 20.Bxd4 Rfd8 21.Qe3 Kh7 22.Bc3 Bc4
23.R6a3 Re8 24.Qf4 Be6 25.Qh4 g5 26.Qg3 Red8 27.Kh2 R6d7 28.Nf1 Nd6 29.Nd4 Nxe4
30.Qe3 Bd5 31.Nf5 Nxc3 32.Qxc3 Bf8 33.N1e3 a5 34.bxa5 Bxa3 35.Rxa3 bxa5 36.Ng4 Kg6
37.Qd3 Qe6 38.Nh4+ Kf7 39.Qg6+ Kf8 40.Nf5 Rf7 41.Qxh6+ Kg8 42.Qg6+ Kf8 43.Re3 Be4
44.Qh6+ Ke8 45.Ng7+ Rxg7 46.Rxe4 Re7 47.Rxe6 Rxe6 48.Qg7 Rdd6 49.Qa7 Rd5
50.c4 Rf5 51.f3 Rf4 52.Nh6 Re7 53.Qa6 Kf8 54.Qc8+ Kg7 55.Nf5+ Rxf5 56.Qxf5 Ra7
57.Qc5  1-0

[Event "Blue Sevan"]
[Site "Sevan ARM"]
[Date "2006.07.18"]
[Round "6"]
[White "Andriasian,Z"]
[Black "Kotanjian,T"]
[Result "1-0"]
[WhiteElo "2463"]
[BlackElo "2515"]

1.e4 c5 2.Nf3 Nc6 3.Bb5 g6 4.O-O Bg7 5.d3 d6 6.c3 a6 7.Ba4 b5 8.Bb3 Nf6 9.d4 cxd4
10.cxd4 Bg4 11.Be3 O-O 12.h3 Bxf3 13.Qxf3 e5 14.dxe5 dxe5 15.Nc3 Nd4 16.Bxd4 exd4
17.Nd5 Rc8 18.Rac1 Rxc1 19.Rxc1 Nxd5 20.Bxd5 Qg5 21.Rc2 h5 22.g3 h4 23.Rc7 hxg3
24.fxg3 Bf6 25.Qf4 Qxf4 26.gxf4 d3 27.Kf2 g5 28.e5 Bd8 29.Rd7 Bb6+ 30.Kf3 gxf4
31.Kxf4 Bd4 32.Bb3 Bxb2 33.Kf5 Rc8 34.Bxf7+ Kf8 35.Kf6 d2 36.Be6 Ba3 37.Rxd2 Be7+
38.Kf5 Rc1 39.Bd5 Bc5 40.Rg2 Re1 41.Kf6 Rg1 42.Rc2 Be7+ 43.Ke6 Ba3 44.Rc8+ Kg7
45.Rc7+ Kf8 46.Be4 Rc1 47.Ra7 Bb2 48.Kf6 Ke8 49.Bf5 Rc6+ 50.Be6 Kd8 51.Ra8+ Kc7
52.Rc8+ Kb7 53.Rxc6 Kxc6 54.h4 Bc1 55.h5 Bf4 56.Bf5  1-0

[Event "Sunny Pawn A"]
[Site "Illichevsk UKR"]
[Date "2006.07.20"]
[Round "1"]
[White "Itkis,B"]
[Black "Stopkin,V"]
[Result "1-0"]
[WhiteElo "2453"]
[BlackElo "2296"]

1.e4 c5 2.Nf3 Nc6 3.Bb5 g6 4.O-O Bg7 5.Re1 Nf6 6.e5 Nd5 7.Nc3 Nc7 8.Bxc6 dxc6
9.Ne4 O-O 10.Nxc5 b6 11.Ne4 c5 12.d3 f5 13.Ng3 Ne6 14.Bd2 Bb7 15.b4 Qc7 16.bxc5 bxc5
17.Rb1 Rab8 18.Nf1 Qc6 19.Ne3 Ba8 20.Rxb8 Rxb8 21.Nc4 Nd4 22.Be3 g5 23.h3 h6
24.Bxd4 cxd4 25.Qa1 Rd8 26.Qb2 Qc5 27.Nfd2 h5 28.Qa3 Qc7 29.f3 Qd7 30.Qa5 e6
31.Nb3 Qe7 32.Qa3 Qc7 33.Qc5 Qxc5 34.Nxc5 Bd5 35.Nb3 Bf8 36.Nbd2 Rb8 37.Kf1 Kf7
38.Ke2 Ke7 39.a3 Kd7 40.Nb3 Rc8 41.Nbd2 Rb8 42.Ra1 Bg7 43.a4 Kc7 44.Kf2 Rb4
45.g4 hxg4 46.hxg4 Rb8 47.gxf5 exf5 48.Rg1 Bh6 49.Nb3 g4 50.Nxd4 Rf8 51.Rh1 Bg5
52.Rh5 Rg8 53.Nxf5 Bxf3 54.Kg3 Kb8 55.e6 Bd5 56.Ne7 Bxe7 57.Rxd5 Bd8 58.Rb5+ Kc7
59.d4 Bf6 60.c3  1-0